Normal view
MARC view
- Project Supervisor Dr Zafar Bangash
Entry Corporate Name
001 - CONTROL NUMBER
- control field: 85657
003 - CONTROL NUMBER IDENTIFIER
- control field: NUST
005 - DATE AND TIME OF LATEST TRANSACTION
- control field: 20211203145126.0
008 - FIXED-LENGTH DATA ELEMENTS
- fixed length control field: 211203|| aca||aabn | a|a d
040 ## - CATALOGING SOURCE
- Original cataloging agency: NUST
- Transcribing agency: NUST
110 ## - HEADING--CORPORATE NAME
- Corporate name or jurisdiction name as entry element: Project Supervisor Dr Zafar Bangash
670 ## - SOURCE DATA FOUND
- Source citation: Work cat.: (NUST): Mohammad Abdullah Malik Qasim Ali Rahmat Muhammad Azhar Ul Haque Haseeb Arif Butt 85656, PR-SOF-2057-Fan Noise Reduction Using Tubercle Effect, 2021.
